| 000 | 00000nam##2200000za#4500 |
| 001 | 9.545072 |
| 003 | CaOODSP |
| 005 | 20200709171228 |
| 007 | ta |
| 008 | 150406|2007||||xxc||||| f|0| 0 eng|d |
| 040 | |aCaOODSP|beng |
| 041 | |aeng |
| 041 | |afre |
| 043 | |an-cn--- |
| 086 | 1 |aRv55-5/2-6-7-2007 |
| 110 | 2 |aCanada Border Services Agency. |
| 245 | 10|aPersons' goods detained at the Canada Border Services Agency (CBSA) or abandoned to the Crown - use of form K24, Non-monetary general receipt |
| 260 | |aOttawa - Ontario : |bCanada Border Services Agency |
| 300 | |aEnglish text, 3p. ; |c28 cm. |
| 490 | 1 |aCustoms D memoranda. D2, International travel |vD2-6-7, October 12, 2007 |
| 500 | |a"Superseded Memoranda "D" - R2-6-7, April 13, 1999." |
| 563 | |aProcessed |
| 792 | |tMarchandises des individus retenues à l'Agence des services frontaliers du Canada (ASFC) ou abandonnées à la Couronne - utilisation du formulaire K24, Reçu global pour éléments non monétaires |efre|w(CaOODSP)9.545073 |
| 830 | #0|aCustoms D memoranda. D2, International travel ;|vD2-6-7, October 12, 2007|w(CaOODSP)9.510782 |